<?xml version="1.0" encoding="UTF-8"?>
<collection xmlns="http://www.loc.gov/MARC21/slim">
    <record>
        <controlfield tag="001">56121</controlfield>
        <controlfield tag="005">20210121114531.0</controlfield>
        <datafield tag="024" ind1="7" ind2=" ">
            <subfield code="2">doi</subfield>
            <subfield code="a">10.1016/j.chroma.2015.02.055</subfield>
        </datafield>
        <datafield tag="024" ind1="8" ind2=" ">
            <subfield code="2">sideral</subfield>
            <subfield code="a">89719</subfield>
        </datafield>
        <datafield tag="037" ind1=" " ind2=" ">
            <subfield code="a">ART-2015-89719</subfield>
        </datafield>
        <datafield tag="041" ind1=" " ind2=" ">
            <subfield code="a">eng</subfield>
        </datafield>
        <datafield tag="100" ind1=" " ind2=" ">
            <subfield code="0">(orcid)0000-0001-8105-2432</subfield>
            <subfield code="a">López-Ram-de-Víu, P.</subfield>
            <subfield code="u">Universidad de Zaragoza</subfield>
        </datafield>
        <datafield tag="245" ind1=" " ind2=" ">
            <subfield code="a">High-performance liquid chromatographic enantioseparation of unusual amino acid derivatives with axial chirality on polysaccharide-based chiral stationary phases</subfield>
        </datafield>
        <datafield tag="260" ind1=" " ind2=" ">
            <subfield code="c">2015</subfield>
        </datafield>
        <datafield tag="506" ind1="0" ind2=" ">
            <subfield code="a">Access copy available to the general public</subfield>
            <subfield code="f">Unrestricted</subfield>
        </datafield>
        <datafield tag="520" ind1="3" ind2=" ">
            <subfield code="a">The successfulenantioseparationofaxiallychiralaminoacidderivativescontainingacyclohexylidene moiety onan an alyticalandsemipreparativescalewasachievedforthefirsttimebyHPLCusing polysaccharide-based chiral stationary phases. Racemicmethyl N-benzoylamino esters,easilyobtained by methanoly sisof the corresponding 5(4H)-oxazolones, were subject edtochiralHPLCresolutionusing chiral stationaryphasesbasedonimmobilized3,5-dimethylphenylcarbamatederivativesofamylose (Chiralpak® IA column)orcellulose(Chiralpak® IB column). The behaviour of both selectors under dif-ferent elution conditions was evaluated and compared. The amy los ecolumns howed better performance than the cellulose column for allenantiomers tested. These mi preparative resolution of axially chiral amino acidderivatives with different side chains has been achievedona 250mm×20mmIDChiralpak® IA columnusingtheappropriatemixtureof n-hexane/chlorofom/ethanol aseluent by successive injec-tions of asolution of the sample in chloroform. Using this protocol up to 120 m go feachenan tiomer of the correspondingaxiallychiralaminoacidderivativewereobtainedfrom300mgofracemate.[(Sa)-2a, 105 mg;(Ra)-2a, 60mg,[(Sa)-2b, 105mg;(Ra)-2b, 90mg,[(Sa)-2c, 120mg;(Ra)-2c, 100mg].</subfield>
        </datafield>
        <datafield tag="536" ind1=" " ind2=" ">
            <subfield code="9">info:eu-repo/grantAgreement/ES/DGA/GAE-102</subfield>
        </datafield>
        <datafield tag="540" ind1=" " ind2=" ">
            <subfield code="9">info:eu-repo/semantics/openAccess</subfield>
            <subfield code="a">by-nc-sa</subfield>
            <subfield code="u">http://creativecommons.org/licenses/by-nc-sa/3.0/es/</subfield>
        </datafield>
        <datafield tag="590" ind1=" " ind2=" ">
            <subfield code="a">3.926</subfield>
            <subfield code="b">2015</subfield>
        </datafield>
        <datafield tag="591" ind1=" " ind2=" ">
            <subfield code="a">CHEMISTRY, ANALYTICAL</subfield>
            <subfield code="b">11 / 75 = 0.147</subfield>
            <subfield code="c">2015</subfield>
            <subfield code="d">Q1</subfield>
            <subfield code="e">T1</subfield>
        </datafield>
        <datafield tag="591" ind1=" " ind2=" ">
            <subfield code="a">BIOCHEMICAL RESEARCH METHODS</subfield>
            <subfield code="b">14 / 77 = 0.182</subfield>
            <subfield code="c">2015</subfield>
            <subfield code="d">Q1</subfield>
            <subfield code="e">T1</subfield>
        </datafield>
        <datafield tag="592" ind1=" " ind2=" ">
            <subfield code="a">1.693</subfield>
            <subfield code="b">2015</subfield>
        </datafield>
        <datafield tag="593" ind1=" " ind2=" ">
            <subfield code="a">Analytical Chemistry</subfield>
            <subfield code="c">2015</subfield>
            <subfield code="d">Q1</subfield>
        </datafield>
        <datafield tag="593" ind1=" " ind2=" ">
            <subfield code="a">Organic Chemistry</subfield>
            <subfield code="c">2015</subfield>
            <subfield code="d">Q1</subfield>
        </datafield>
        <datafield tag="593" ind1=" " ind2=" ">
            <subfield code="a">Medicine (miscellaneous)</subfield>
            <subfield code="c">2015</subfield>
            <subfield code="d">Q1</subfield>
        </datafield>
        <datafield tag="593" ind1=" " ind2=" ">
            <subfield code="a">Biochemistry</subfield>
            <subfield code="c">2015</subfield>
            <subfield code="d">Q1</subfield>
        </datafield>
        <datafield tag="655" ind1=" " ind2="4">
            <subfield code="a">info:eu-repo/semantics/article</subfield>
            <subfield code="v">info:eu-repo/semantics/acceptedVersion</subfield>
        </datafield>
        <datafield tag="700" ind1=" " ind2=" ">
            <subfield code="0">(orcid)0000-0002-4972-7476</subfield>
            <subfield code="a">Gálvez, J.A.</subfield>
            <subfield code="u">Universidad de Zaragoza</subfield>
        </datafield>
        <datafield tag="700" ind1=" " ind2=" ">
            <subfield code="0">(orcid)0000-0001-9033-8459</subfield>
            <subfield code="a">Díaz-de-Villegas, M.D.</subfield>
        </datafield>
        <datafield tag="710" ind1="2" ind2=" ">
            <subfield code="1">2013</subfield>
            <subfield code="2">765</subfield>
            <subfield code="a">Universidad de Zaragoza</subfield>
            <subfield code="b">Dpto. Química Orgánica</subfield>
            <subfield code="c">Área Química Orgánica</subfield>
        </datafield>
        <datafield tag="773" ind1=" " ind2=" ">
            <subfield code="g">1390 (2015), 78-85</subfield>
            <subfield code="p">J. chromatogr. A</subfield>
            <subfield code="t">Journal of Chromatography A</subfield>
            <subfield code="x">0021-9673</subfield>
        </datafield>
        <datafield tag="856" ind1="4" ind2=" ">
            <subfield code="s">1029610</subfield>
            <subfield code="u">http://zaguan.unizar.es/record/56121/files/texto_completo.pdf</subfield>
            <subfield code="y">Postprint</subfield>
        </datafield>
        <datafield tag="856" ind1="4" ind2=" ">
            <subfield code="s">103783</subfield>
            <subfield code="u">http://zaguan.unizar.es/record/56121/files/texto_completo.jpg?subformat=icon</subfield>
            <subfield code="x">icon</subfield>
            <subfield code="y">Postprint</subfield>
        </datafield>
        <datafield tag="909" ind1="C" ind2="O">
            <subfield code="o">oai:zaguan.unizar.es:56121</subfield>
            <subfield code="p">articulos</subfield>
            <subfield code="p">driver</subfield>
        </datafield>
        <datafield tag="951" ind1=" " ind2=" ">
            <subfield code="a">2021-01-21-11:10:16</subfield>
        </datafield>
        <datafield tag="980" ind1=" " ind2=" ">
            <subfield code="a">ARTICLE</subfield>
        </datafield>
    </record>

    
</collection>